| 000 | 00374pab a2200145 454500 | ||
|---|---|---|---|
| 008 | 180718b1983 xxu||||| |||| 00| 0 eng d | ||
| 100 | _aParameswar, K.R. | ||
| 245 |
_aInnovative management _bSuccessful acquistion management in the public sector |
||
| 260 | _c1983 | ||
| 300 | _a55-8 | ||
| 362 | _aJan.-Mar. | ||
| 650 | _aManagement | ||
| 773 | _aVikalpa | ||
| 909 | _a13051 | ||
| 999 |
_c13051 _d13051 |
||